000 00300nam a22001337a 4500
008 180913b xxu||||| |||| 00| 0 eng d
020 _a9780137377848
041 _aeng
080 _25 ED
_a004
100 _a30
101 _aSHK
245 _aInternet Bridge Computers
_cLong.L
942 _2udc
_cBK
999 _c47728
_d47728